[Event "Toamna"]
[Site "Balti"]
[Date "2007.11.13"]
[Round "11"]
[White "Saragov, Eugen"]
[Black "Lazo, Xenia"]
[Result "0-1"]
[WhiteElo "2049"]
[BlackElo "2089"]
[PlyCount "44"]
[EventDate "2007.11.03"]
[EventType "tourn"]
[EventRounds "11"]
[EventCountry "MDA"]
[SourceTitle "EXT 2023"]
[Source "ChessBase"]
[SourceDate "2022.10.05"]
[SourceVersion "1"]
[SourceVersionDate "2022.10.05"]
[SourceQuality "1"]

1. e4 e6 2. d4 d5 3. Nc3 Bb4 4. a3 Bxc3+ 5. bxc3 dxe4 6. Qg4 Nf6 7. Qxg7 Rg8 8. Qh6 Rg6 9. Qd2 b6 10. Bb2 Bb7 11. 0-0-0 Nbd7 12. Nh3 Qe7 13. Nf4 Rg8 14. c4 0-0-0 15. d5 Nc5 16. Qd4 Ng4 17. h3 e5 18. Qd2 e3 19. Qe1 Nxf2 20. Qxe3 Nxh1 21. Be2 Ng3 22. Bg4+ f5 0-1

[Event "Toamna"]
[Site "Balti"]
[Date "2007.11.08"]
[Round "6"]
[White "Negura, Alexandr"]
[Black "Saragov, Eugen"]
[Result "1/2-1/2"]
[WhiteElo "2162"]
[BlackElo "2049"]
[PlyCount "88"]
[EventDate "2007.11.03"]
[EventType "tourn"]
[EventRounds "11"]
[EventCountry "MDA"]
[SourceTitle "EXT 2023"]
[Source "ChessBase"]
[SourceDate "2022.10.05"]
[SourceVersion "1"]
[SourceVersionDate "2022.10.05"]
[SourceQuality "1"]

1. e4 c5 2. Nc3 e6 3. f4 a6 4. a4 Qc7 5. d3 b6 6. Be2 Bb7 7. Bf3 Nc6 8. Nge2 Nd4 9. Nxd4 cxd4 10. Ne2 Bc5 11. 0-0 Nf6 12. g4 h6 13. Ng3 Rc8 14. Bd2 a5 15. Rf2 d6 16. f5 e5 17. h4 d5 18. g5 hxg5 19. hxg5 Rh3 20. Kg2 Rxg3+ 21. Kxg3 Nxe4+ 22. dxe4 dxe4 23. Qh1 exf3 24. Qh8+ Bf8 25. Re1 Kd7 26. Qh5 e4+ 27. Bf4 Qc4 28. Rd2 Bd6 29. Bxd6 Kxd6 30. Red1 Kc7 31. Rxd4 Qxc2 32. Qxf7+ Kb8 33. Rd7 Qg2+ 34. Kf4 Qh2+ 35. Kg4 Qg2+ 36. Kf4 Qh2+ 37. Kg4 Qg2+ 38. Kf4 Qh2+ 39. Ke3 Qe2+ 40. Kf4 Qh2+ 41. Ke3 Qe2+ 42. Kf4 Qh2+ 43. Kg4 Qg2+ 44. Kf4 Qh2+ 1/2-1/2